Framing terrorism: the news media, the government and the public
Framing terrorism / Pippa Norris, Montague Kern and Marion Just -- Terrorism, censorship and the 1st Amendment : in search of policy guidelines / Doris A. Graber -- Clausewitz in the age of CNN : rethinking the military-media relationship / Robin Brown -- Framing the Palestinian-Israeli conflict / T...
| Contributors: | |
|---|---|
| Format: | Print Book |
| Language: | English |
| Published: |
New York London [u.a.]
Routledge
2003
|
| In: | Year: 2003 |
| Online Access: |
Table of Contents Publisher description |
| Check availability: | HBZ Gateway |
| Subito Delivery Service: | Order now. |
| Keywords: |
MARC
| LEADER | 00000cam a2200000 c 4500 | ||
|---|---|---|---|
| 001 | 368729796 | ||
| 003 | DE-627 | ||
| 005 | 20260206204700.0 | ||
| 007 | tu | ||
| 008 | 030724s2003 xxu||||| 00| ||eng c | ||
| 010 | |a 2003043126 | ||
| 016 | 7 | |a 0415947189 |2 UK | |
| 020 | |a 0415947189 |9 0-415-94718-9 | ||
| 020 | |a 0415947197 |c pbk. |9 0-415-94719-7 | ||
| 024 | 3 | |a 9780415947190 | |
| 024 | 8 | |a 2003043126 |q Identnummer | |
| 035 | |a (DE-627)368729796 | ||
| 035 | |a (DE-603)114067872 | ||
| 035 | |a (DE-576)107614693 | ||
| 035 | |a (DE-599)GBV368729796 | ||
| 035 | |a (OCoLC)237814590 | ||
| 035 | |a (OCoLC)51763890 | ||
| 035 | |a (DE-604)BV016969006 | ||
| 035 | |a (DE-615)00495758 | ||
| 035 | |a (JUB)b10344755 | ||
| 040 | |a DE-627 |b ger |c DE-627 |e rakwb | ||
| 041 | |a eng | ||
| 044 | |c XD-US |c XA-GB | ||
| 050 | 0 | |a P96.T47 | |
| 050 | 0 | |a P96 | |
| 082 | 0 | |a 303.6/25 | |
| 082 | 0 | |a 303.625 | |
| 084 | |a RC02 |2 fivr | ||
| 084 | |a RQ |2 fivr | ||
| 084 | |a SG06 |2 fivs | ||
| 084 | |a SF06.02 |2 fivs | ||
| 084 | |a 3,5 |2 ssgn | ||
| 084 | |a MD 8920 |2 rvk |0 (DE-625)rvk/122569: | ||
| 084 | |a AP 16850 |2 rvk |0 (DE-625)rvk/6991: | ||
| 084 | |a 05.30 |2 bkl | ||
| 084 | |a 05.20 |2 bkl | ||
| 245 | 0 | 0 | |a Framing terrorism |b the news media, the government and the public |c ed. by Pippa Norris ... |
| 263 | |a (pbk.) : £16.99 | ||
| 264 | 1 | |a New York |a London [u.a.] |b Routledge |c 2003 | |
| 300 | |a VIII, 329 S. |b Ill., graph. Darst. |c 24 cm | ||
| 336 | |a Text |b txt |2 rdacontent | ||
| 337 | |a ohne Hilfsmittel zu benutzen |b n |2 rdamedia | ||
| 338 | |a Band |b nc |2 rdacarrier | ||
| 500 | |a Includes bibliographical references and index | ||
| 505 | 8 | |a Framing terrorism / Pippa Norris, Montague Kern and Marion Just -- Terrorism, censorship and the 1st Amendment : in search of policy guidelines / Doris A. Graber -- Clausewitz in the age of CNN : rethinking the military-media relationship / Robin Brown -- Framing the Palestinian-Israeli conflict / Tamar Liebes and Anat First -- Paramilitaries and the press in Northern Ireland / Tim Cooke -- Framing the US Embassy bombings and September 11 attacks in African and US newspapers / Todd M. Schaefer -- CNN and al Jazeera's media coverage of America's war in Afghanistan / Amy E. Jasperson and Mansour O. El-Kikhia -- Framing Muslim-Americans before and after 9/11 / Brigette L. Nacos and Oscar Torres-Reyna -- Framing world opinion in the elite press / Frank Louis Rusciano -- Explaining 9/11 / Michael W. Traugott and Ted Brader -- Public opinion among Muslims and the West / Pippa Norris and Ronald Inglehart -- Rallies all around : the dynamics of system support / Paul Brewer, Sean Aday and Kimberly Gross -- Fear and terrorism : psychological reactions to 9/11 / Leonie Huddy ... [et al.] -- The lessons of framing terrorism / Montague Kern, Marion Just and Pippa Norris. | |
| 520 | |a Framing terrorism / Pippa Norris, Montague Kern and Marion Just -- Terrorism, censorship and the 1st Amendment : in search of policy guidelines / Doris A. Graber -- Clausewitz in the age of CNN : rethinking the military-media relationship / Robin Brown -- Framing the Palestinian-Israeli conflict / Tamar Liebes and Anat First -- Paramilitaries and the press in Northern Ireland / Tim Cooke -- Framing the US Embassy bombings and September 11 attacks in African and US newspapers / Todd M. Schaefer -- CNN and al Jazeera's media coverage of America's war in Afghanistan / Amy E. Jasperson and Mansour O. El-Kikhia -- Framing Muslim-Americans before and after 9/11 / Brigette L. Nacos and Oscar Torres-Reyna -- Framing world opinion in the elite press / Frank Louis Rusciano -- Explaining 9/11 / Michael W. Traugott and Ted Brader -- Public opinion among Muslims and the West / Pippa Norris and Ronald Inglehart -- Rallies all around : the dynamics of system support / Paul Brewer, Sean Aday and Kimberly Gross -- Fear and terrorism : psychological reactions to 9/11 / Leonie Huddy ... [et al.] -- The lessons of framing terrorism / Montague Kern, Marion Just and Pippa Norris | ||
| 583 | 1 | |a Archivierung prüfen |c 20200919 |f DE-640 |z 3 |2 pdager | |
| 583 | 1 | |a Archivierung prüfen |c 20240324 |f DE-4165 |z 1 |2 pdager | |
| 583 | 1 | |a Archivierung/Langzeitarchivierung gewährleistet |c 20240722 |f NI-LastCopies |x XA-DE-NI |z Potenzieller Alleinbesitz Niedersachsen |2 pdager |5 DE-89 | |
| 650 | 0 | |a Terrorism and mass media | |
| 650 | 0 | |a Terrorism in mass media | |
| 650 | 0 | |a Terrorism |x Press coverage | |
| 650 | 0 | 7 | |0 (DE-588)4162078-1 |0 (DE-627)105465151 |0 (DE-576)209870818 |a Internationaler Terrorismus |2 gnd |
| 650 | 0 | 7 | |0 (DE-588)4112701-8 |0 (DE-627)104321679 |0 (DE-576)209470127 |a Bekämpfung |2 gnd |
| 650 | 0 | 7 | |0 (DE-588)4003451-3 |0 (DE-627)106389548 |0 (DE-576)208851623 |a Attentat |2 gnd |
| 650 | 0 | 7 | |0 (DE-588)4144383-4 |0 (DE-627)104434090 |0 (DE-576)209733640 |a Beispiel |2 gnd |
| 650 | 0 | 7 | |0 (DE-588)4005709-4 |0 (DE-627)106380176 |0 (DE-576)208862420 |a Berichterstattung |2 gnd |
| 650 | 0 | 7 | |0 (DE-588)4190021-2 |0 (DE-627)104160543 |0 (DE-576)210063904 |a Wirkung |2 gnd |
| 650 | 0 | 7 | |0 (DE-588)4038461-5 |0 (DE-627)106232215 |0 (DE-576)209030194 |a Meinungsbildung |2 gnd |
| 650 | 0 | 7 | |0 (DE-588)4043152-6 |0 (DE-627)104826274 |0 (DE-576)209054492 |a Öffentliche Meinung |2 gnd |
| 650 | 0 | 7 | |0 (DE-588)4028779-8 |0 (DE-627)106277065 |0 (DE-576)208979417 |a Journalismus |2 gnd |
| 650 | 0 | 7 | |0 (DE-588)4793947-3 |0 (DE-627)394209249 |0 (DE-576)216459060 |a Informationsqualität |2 gnd |
| 650 | 0 | 7 | |0 (DE-588)4047150-0 |0 (DE-627)106195492 |0 (DE-576)209072490 |a Presse |2 gnd |
| 650 | 0 | 7 | |0 (DE-588)4667841-4 |0 (DE-627)340125586 |0 (DE-576)214841545 |a Elfter September |2 gnd |
| 650 | 0 | 7 | |0 (DE-588)4059534-1 |0 (DE-627)106143212 |0 (DE-576)209131136 |a Terrorismus |2 gnd |
| 650 | 0 | 7 | |0 (DE-588)4037877-9 |0 (DE-627)106235079 |0 (DE-576)209027029 |a Massenmedien |2 gnd |
| 651 | 7 | |0 (DE-588)4078704-7 |0 (DE-627)106076612 |0 (DE-576)209209682 |a Usa |2 gnd | |
| 651 | 7 | |0 (DE-588)1135962553 |0 (DE-627)890988382 |0 (DE-576)490197698 |a Erde |2 gnd | |
| 689 | 0 | 0 | |d s |0 (DE-588)4059534-1 |0 (DE-627)106143212 |0 (DE-576)209131136 |a Terrorismus |2 gnd |
| 689 | 0 | 1 | |d s |0 (DE-588)4037877-9 |0 (DE-627)106235079 |0 (DE-576)209027029 |a Massenmedien |2 gnd |
| 689 | 0 | 2 | |d s |0 (DE-588)4143413-4 |0 (DE-627)105605727 |0 (DE-576)209726091 |a Aufsatzsammlung |2 gnd |
| 689 | 0 | |5 DE-101 | |
| 689 | 1 | 0 | |d g |0 (DE-588)4078704-7 |0 (DE-627)106076612 |0 (DE-576)209209682 |a USA |2 gnd |
| 689 | 1 | 1 | |d s |0 (DE-588)4059534-1 |0 (DE-627)106143212 |0 (DE-576)209131136 |a Terrorismus |2 gnd |
| 689 | 1 | 2 | |d s |0 (DE-588)4037877-9 |0 (DE-627)106235079 |0 (DE-576)209027029 |a Massenmedien |2 gnd |
| 689 | 1 | 3 | |d s |0 (DE-588)4043183-6 |0 (DE-627)106210874 |0 (DE-576)209054581 |a Öffentlichkeit |2 gnd |
| 689 | 1 | |5 (DE-627) | |
| 700 | 1 | |a Norris, Pippa |d 1953- |e Hrsg. |0 (DE-588)12894031X |0 (DE-627)385684401 |0 (DE-576)164274413 |4 edt | |
| 856 | 4 | 2 | |u http://scans.hebis.de/HEBCGI/show.pl?11406787_toc.pdf |m V:DE-605 |q application/pdf |3 Inhaltsverzeichnis |7 1 |
| 856 | 4 | 2 | |u http://www.loc.gov/catdir/enhancements/fy0651/2003043126-d.html |x Verlag |y Publisher description |7 1 |
| 935 | |a mkri | ||
| 935 | |i Blocktest | ||
| 936 | r | v | |a MD 8920 |b Terror, Gewalt, Mord |k Politologie |k Politische Theorie, Grundbegriffe des Politischen |k Politische Auseinandersetzung |k Terror, Gewalt, Mord |0 (DE-627)1271426560 |0 (DE-625)rvk/122569: |0 (DE-576)201426560 |
| 936 | r | v | |a AP 16850 |b Regeln, Ziele, Inhalte, Formen |k Allgemeines |k Medien- und Kommunikationswissenschaften, Medienkulturwissenschaft, Kommunikationsdesign |k Publizistische Beeinflussung |k Regeln, Ziele, Inhalte, Formen |0 (DE-627)1270684914 |0 (DE-625)rvk/6991: |0 (DE-576)200684914 |
| 936 | b | k | |a 05.30 |j Massenkommunikation |j Massenmedien: Allgemeines |0 (DE-627)106415131 |
| 936 | b | k | |a 05.20 |j Kommunikation und Gesellschaft |0 (DE-627)106415123 |
| 936 | f | i | |0 (DE-627)175613233X |a RC02 |b Vereinigte Staaten |k Nordamerika (ohne Mexiko) |k Vereinigte Staaten |2 fivr |
| 936 | f | i | |0 (DE-627)1756134707 |a RQ |b Weltweit |k Weltweit |2 fivr |
| 936 | f | i | |0 (DE-627)1756136068 |a SG06 |b Medien/Information |k Gesellschaft |k Medien/Information |2 fivs |
| 936 | f | i | |0 (DE-627)1756135835 |a SF06.02 |b Terrorismus |k Staat |k Innere Sicherheit/Innerstaatlicher Konflikt |k Terrorismus |2 fivs |
| 936 | s | n | |a a300 |2 mzub |
| 936 | s | n | |a m100 |2 mzub |
| 936 | s | n | |a m200 |2 mzub |
| 938 | 1 | 0 | |0 (DE-627)1756241724 |0 (DE-615)6600257 |a Vereinigte Staaten |2 fivt |
| 938 | 1 | 0 | |0 (DE-627)1756180598 |0 (DE-615)6608724 |a Global |2 fivt |
| 938 | 1 | 0 | |0 (DE-627)1756222029 |0 (DE-615)6601433 |a Internationaler Terrorismus |2 fivt |
| 938 | 1 | 0 | |0 (DE-627)1756235635 |0 (DE-615)6605025 |a Terrorismusbekämpfung |2 fivt |
| 938 | 1 | 0 | |0 (DE-627)340125586 |0 (DE-588)4667841-4 |a Elfter September |2 gnd |2 fivt |
| 938 | 1 | 0 | |0 (DE-627)1756192162 |0 (DE-615)6609753 |a Terroranschlag |2 fivt |
| 938 | 1 | 0 | |0 (DE-627)1756197539 |0 (DE-615)6601264 |a Beispielhafte Fälle |2 fivt |
| 938 | 1 | 0 | |0 (DE-627)1756159343 |0 (DE-615)6602419 |a Berichterstattung |2 fivt |
| 938 | 1 | 0 | |0 (DE-627)175622059X |0 (DE-615)6601547 |a Wirkung von Massenmedien |2 fivt |
| 938 | 1 | 0 | |0 (DE-627)1756180784 |0 (DE-615)6604481 |a Meinungsbildung |2 fivt |
| 938 | 1 | 0 | |0 (DE-627)1756181292 |0 (DE-615)6604477 |a Öffentliche Meinung |2 fivt |
| 938 | 1 | 0 | |0 (DE-627)1756148465 |0 (DE-615)6602780 |a Journalismus |2 fivt |
| 938 | 1 | 0 | |0 (DE-627)1756232148 |0 (DE-615)6601198 |a Informationsqualität |2 fivt |
| 938 | 1 | 0 | |0 (DE-627)1756168768 |0 (DE-615)6606662 |a Massenmedien |2 fivt |
| 938 | 1 | 0 | |0 (DE-627)1756169780 |0 (DE-615)6609400 |a Presse |2 fivt |
| 938 | 1 | 1 | |0 (DE-627)1756157235 |0 (DE-615)6604738 |a Bedrohungsvorstellungen (Gesellschaft) |2 fiva |
| 938 | 1 | 1 | |0 (DE-627)1756153035 |0 (DE-615)6607722 |a Weltmeinung/Weltöffentlichkeit |2 fiva |
| 938 | 1 | 1 | |0 (DE-627)1756211183 |0 (DE-615)6605347 |a Psychologische Faktoren |2 fiva |
| 938 | 1 | 1 | |0 (DE-627)1756152586 |0 (DE-615)6608431 |a Muslime |2 fiva |
| 938 | 1 | 1 | |0 (DE-627)339921064 |0 (DE-588)4666782-9 |a al-Qaida |2 gnd |2 fiva |
| 938 | 1 | 1 | |0 (DE-627)08237516X |0 (DE-588)123147808 |a Ibn-Lādin, Usāma |d 1957-2011 |2 gnd |2 fiva |
| 938 | 1 | 1 | |0 (DE-627)1756164258 |0 (DE-615)6601998 |a Afghanistan |2 fiva |
| 938 | 1 | 1 | |0 (DE-627)1756206856 |0 (DE-615)6610147 |a Islamische Länder/Islamische Welt |2 fiva |
| 938 | 1 | 1 | |0 (DE-627)1756180849 |0 (DE-615)6608737 |a Nahostkonflikt |2 fiva |
| 938 | 1 | 1 | |0 (DE-627)1756244383 |0 (DE-615)6610783 |a Nordirland |2 fiva |
| 938 | 1 | 1 | |a The New York Times |2 fiva |
| 938 | 1 | 1 | |a The Washington Post |2 fiva |
| 938 | 1 | 1 | |0 (DE-627)101635443 |0 (DE-588)2120209-6 |a Cable News Network |2 gnd |2 fiva |
| 938 | 1 | 1 | |0 (DE-627)353861618 |0 (DE-588)4699478-6 |a Al-Jazeera |2 gnd |2 fiva |
| 951 | |a BO | ||
| ELC | |b 1 | ||
| LOK | |0 000 xxxxxcx a22 zn 4500 | ||
| LOK | |0 001 3131062126 | ||
| LOK | |0 003 DE-627 | ||
| LOK | |0 004 368729796 | ||
| LOK | |0 005 20050627000000 | ||
| LOK | |0 008 050120||||||||||||||||ger||||||| | ||
| LOK | |0 040 |a DE-Frei85 |c DE-627 |d DE-Frei85 | ||
| LOK | |0 852 |a DE-Frei85 | ||
| LOK | |0 852 1 |m p |9 00 | ||
| LOK | |0 938 |k p | ||
| LOK | |0 939 |a 20-01-05 |b l01 | ||
| ORI | |a SA-MARC-krimdoka001.raw | ||
